The India we want; (Record no. 72035)

MARC details
000 -LEADER
fixed length control field 00701cam a22002531 4500
001 - CONTROL NUMBER
control field sa 67000541
003 - CONTROL NUMBER IDENTIFIER
control field DLC
005 - DATE AND TIME OF LATEST TRANSACTION
control field 20260227112315.0
008 - FIXED-LENGTH DATA ELEMENTS--GENERAL INFORMATION
fixed length control field 780505s1966 ii 000 0 eng
010 ## - LIBRARY OF CONGRESS CONTROL NUMBER
LC control number sa 67000541
015 ## - NATIONAL BIBLIOGRAPHY NUMBER
National bibliography number GB67-15651
025 ## - OVERSEAS ACQUISITION NUMBER
Overseas acquisition number PL480:I-E-7352
035 ## - SYSTEM CONTROL NUMBER
System control number (OCoLC)3865555
040 ## - CATALOGING SOURCE
Original cataloging agency DLC
Transcribing agency PCvA
Modifying agency Uk
-- DLC
042 ## - AUTHENTICATION CODE
Authentication code premarc
043 ## - GEOGRAPHIC AREA CODE
Geographic area code a-ii---
050 00 - LIBRARY OF CONGRESS CALL NUMBER
Classification number HC435
Item number .P364
082 ## - DEWEY DECIMAL CLASSIFICATION NUMBER
Classification number 338.954
100 1# - MAIN ENTRY--PERSONAL NAME
Personal name Patel, Surendra J.
245 14 - TITLE STATEMENT
Title The India we want;
Remainder of title its economic transition
Statement of responsibility, etc. [by] Surendra J. Patel. Epilogue by Krishna Ahooja.
260 ## - PUBLICATION, DISTRIBUTION, ETC.
Place of publication, distribution, etc. Bombay,
Name of publisher, distributor, etc. Manaktalas
Date of publication, distribution, etc. [1966]
300 ## - PHYSICAL DESCRIPTION
Extent xvii, 223 p.
Dimensions 22 cm.
651 #0 - SUBJECT ADDED ENTRY--GEOGRAPHIC NAME
Geographic name India
General subdivision Economic policy.

No items available.

Powered by Koha